000 01075cam a2200217 4500
001 ABS66406
008 030307n2003 000 0 eng u
035 _a(Sirsi) u121564
100 _aSeddon, J.
245 _aConstruction law
260 _c2003
490 _aProperty Law
_v (62) January 2003, 1-3(3)
520 _aDiscusses how every construction project is different leading to its own set of problems for the developer. Highlights some of the common pitfalls that can occur, such as the breakdown of communication between the construction professionals involved, the timing of the procurement routes, the certainty as to the end product and documentation routines. If all these factors are given equal importance there is more possibility that a project will be completed dispute-free, on time and within budget. (See also Abs67030 and Abs67039).
590 _aABS
650 _aProcurement-old
650 _aCOMMUNICATION
650 _aBUILT ENVIRONMENT-BUILDING COSTS
650 _aDOCUMENTATION
690 _aBUILDING AND CONSTRUCTION-LAW
942 _n0
999 _c72261
_d72261